000 00688nam a2200193Ia 4500
005 20251020182552.0
008 200515s9999 xx 000 0 und d
082 _aR/65.011/T63
100 _aTIZNADO SANTANA, Marco Antonio
245 0 _aWindows 95
260 _aBogotá, D.C.
260 _c1995
300 _a220
520 _aDesarrolla la utilización del nuevo sistema operativo de Microsoft, cuya interfaz gráfica es mucho más amigable y fácil de emplear. Incluye procesamiento multitarea que permite ejecutar varios programas al mismo tiempo y aprovechar los recursos del sistem
650 _aLIB
650 _aSOFTWARE DE APLICACION
650 _aWINDOWS
942 _cLIB
999 _c2774
_d2774